000 00791nam a22002775i 4500
001 18340732
003 PILC
005 20160218094221.0
008 141020s2015 cau 000 0 eng
010 _a 2014954698
020 _a9781446254783 (hardcover)
020 _a9781446254790 (pbk.)
020 _a9781473900530 (epub 3)
040 _aDLC
_beng
_erda
_cDLC
042 _apcc
050 _aBQ 4570.P76
_b.El47 2015
100 1 _aEllis, Darren.
245 1 0 _aSocial psychology of emotion /
_cDarren Ellis, Ian Tucker.
260 _aLos Angeles :
_bSAGE,
_c2015.
263 _a1503
300 _a198 pages ;
_c25 cm.
500 _aIncludes bibliographical references.
906 _a0
_bibc
_corignew
_d2
_eepcn
_f20
_gy-gencatlg
942 _2lcc
_cBK
999 _c288909
_d288909